Rainbow - Kacey Musgraves (All Lyrics) - Statistics

General Stats
  • This quiz has been taken 34 times
  • The average score is 206 of 238
Answer Stats
Lyrics % Correct
a
100%
and
100%
And
100%
But
100%
I
100%
of
100%
rain
100%
The
100%
the
100%
to
100%
When
100%
when
100%
you
100%
You
100%
your
100%
blowin'
96%
didn't
96%
in
96%
is
96%
it
96%
It
96%
notice
96%
ol'
96%
pours
96%
rains,
96%
same
96%
stuck
96%
again
91%
ain't
91%
always
91%
even
91%
finally
91%
over
91%
rainbow
91%
sky
91%
tell
91%
be
87%
Hangin'
87%
hard
87%
head
87%
hold
87%
opened
87%
out
87%
there's
87%
tight
87%
umbrella
87%
wind
87%
ya
87%
you're
87%
anymore
83%
by
83%
colors
83%
darlin',
83%
green
83%
has
83%
I'm
83%
It's
83%
just
83%
orange,
83%
rainin'
83%
red,
83%
storm
83%
That
83%
up
83%
what
83%
above
78%
all
78%
around
78%
been
78%
'Cause
78%
'Cause,
78%
look
78%
risin'
78%
take
78%
tryin'
78%
Yellow,
78%
If
74%
know
74%
line
74%
off
74%
see
74%
stayin'
74%
stopped
74%
struggle
74%
water
74%
blinded
70%
breathe
70%
coat
70%
could
70%
go
70%
million
70%
at
65%
least
65%
others
65%
So
65%
You'd
65%
tie
61%
alright
57%
Let
57%
now
57%
Everything
52%
Well,
52%
Yeah,
52%
boat,
48%
Oh,
43%
still
43%
No matching quizzes found
Score Distribution
Percent of People with Each Score
Percentile by Number Answered
Your Score History
You have not taken this quiz